Die Bedeutung der Technik für die Artentwicklung des Menschen / (Record no. 171754)

MARC details
000 -LEADER
campo de control de longitud fija 00471nam a22001455i 4500
001 - NÚMERO DE CONTROL
campo de control 171754
003 - IDENTIFICADOR DE NÚMERO DE CONTROL
campo de control ES-MaACL
005 - FECHA Y HORA DE LA ÚLTIMA TRANSACCIÓN
campo de control 20230906214724.0
008 - DATOS DE LONGITUD FIJA--INFORMACIÓN GENERAL
campo de control de longitud fija 090527s1930 ger |||| | deu d
100 1# - ENTRADA PRINCIPAL--NOMBRE DE PERSONA
Nombre de persona Solger, Friedrich.
9 (RLIN) 140387
245 14 - MENCIÓN DEL TÍTULO
Título Die Bedeutung der Technik für die Artentwicklung des Menschen /
Mención de responsabilidad, etc. Vortrag des ... Friedrich Solger.
260 ## - PUBLICACIÓN, DISTRIBUCIÓN, ETC.
Lugar de publicación, distribución, etc. Berlin :
Nombre del editor, distribuidor, etc. [s.n.],
Fecha de publicación, distribución, etc. 1930.
300 ## - DESCRIPCIÓN FÍSICA
Extensión 22 p., 12 grab. ;
Dimensiones 29 cm.
852 ## - LOCALIZACIÓN
Ubicación ES-MaACL
Número de control de estantería 1841-F-22
itemnumber R.19220
Holdings
Estatus retirado Estado de pérdida Estado de daño No para préstamo Colección Biblioteca de origen Biblioteca actual Ubicación en estantería Fecha de adquisición Fuente de adquisición Total de préstamos Signatura topográfica completa Código de barras Visto por última vez Precio de reemplazo Tipo de ítem Koha
        Colección de folletos Biblioteca del Ateneo de Madrid Biblioteca del Ateneo de Madrid Depósito folletos 27/05/2009     1841-F-22 1180242 23/02/2023 23/02/2023 Folleto